Central Library OPAC University of Rajshahi

Coleridge on imagination / (Record no. 18157)

MARC details
000 -LEADER
fixed length control field 00876cam a22002891 4500
001 - CONTROL NUMBER
control field 18157
003 - CONTROL NUMBER IDENTIFIER
rucl marc code BD-RjUL
005 - DATE AND TIME OF LATEST TRANSACTION
control field 20211209000238.0
008 - FIXED-LENGTH DATA ELEMENTS--GENERAL INFORMATION
fixed length control field 140219r19551950enk 001 0 eng
035 ## - SYSTEM CONTROL NUMBER
System control number (BD-RjUL)18215
System control number (OCoLC)973783
040 ## - CATALOGING SOURCE
Original cataloging agency DLC
Transcribing agency OTifH
Modifying agency OCoLC
-- DLC
-- BD-RjUL
Language of cataloging eng
041 ## - LANGUAGE CODE
Language code of text/sound track or separate title eng
082 00 - DEWEY DECIMAL CLASSIFICATION NUMBER
Classification number 928.2
Author mark and year RIC 1955
100 1# - MAIN ENTRY--PERSONAL NAME
Personal name Richards, I. A.
Fuller form of name (Ivor Armstrong),
Dates associated with a name 1893-1979.
9 (RLIN) 1172
245 10 - TITLE STATEMENT
Title Coleridge on imagination /
Statement of responsibility, etc. I.A. Richards.
250 ## - EDITION STATEMENT
Edition statement 2nd ed.
260 ## - PUBLICATION, DISTRIBUTION, ETC. (IMPRINT)
Place of publication, distribution, etc. London :
Name of publisher, distributor, etc. Routledge & Kegan,
Date of publication, distribution, etc. 1950 [reprinted 1955].
300 ## - PHYSICAL DESCRIPTION
Pagination xv, 236 p. :
Illustrations port. ;
Size 21 cm.
504 ## - BIBLIOGRAPHY, ETC. NOTE
Bibliography, etc includes index.
600 10 - SUBJECT ADDED ENTRY--PERSONAL NAME
Personal name Coleridge, Samuel Taylor,
Dates associated with a name 1772-1834.
650 #0 - SUBJECT ADDED ENTRY--TOPICAL TERM
Topical term or geographic name as entry element Imagination.
9 (RLIN) 5482
Topical term or geographic name as entry element Poetry
General subdivision History and criticism.
9 (RLIN) 55914
942 ## - ADDED ENTRY ELEMENTS (KOHA)
Source of classification or shelving scheme Dewey Decimal Classification
Koha item type Books
Holdings
Lost status Source of classification or shelving scheme Damaged status Not for loan Collection code Permanent Location Current Location Shelving location Date acquired Source of acquisition Cost, normal purchase price Total Checkouts Full call number Date last seen Copy number Koha item type
  Dewey Decimal Classification     Non-fiction Central Library, University of Rajshahi Central Library, University of Rajshahi   30/01/1961 Dhaka provincial book depot. 10.25   928.2 RIC 1955 19/02/2014 C-2 Books
  Dewey Decimal Classification     Non-fiction Central Library, University of Rajshahi Central Library, University of Rajshahi   18/08/2020       928.2 RIC 1955 18/08/2020 C-3 Books